• 首页
  • 本馆介绍
  • 公告通知
  • 最新文献
  • 馆藏检索
  • 电子资源
  • 读者导购
  • 参考咨询
  • 我的图书馆
  • 登录
  • 详细信息显示
  • 放入我的书架
  • 预约/预借图书
  • 作者相关作品
  • 分类相关作品
  • 丛书相关作品
  • 出版社相关作品

书目信息

  • 表格格式
  • 工作单格式
  • 卡片格式
题名:
人类处于转折点
    
 
作者: 梅萨罗维克 , 佩斯特尔 , Pestel , Mesarovic 著 ;梅艳 译
分册:  
出版信息: 北京   三联书店  1987
页数: 198页
开本: 19cm
丛书名:
单 册:
中图分类: F113.7
科图分类:
主题词: 经济危机--世界
电子资源:
ISBN:
000 01062nam0 2200313 45
001 0187001225
005 20060810105529.60
010    @dCNY1.20
091    @aCN@b4002.317
100    @a19900808d1987 kemy0chiy0121 ea
101 1  @achi@ceng
102    @aCN@b110000
105    @ay z 000yy
200 10 @a人类处于转折点@Aren lei chu yu zhuan she dian@e给罗马俱乐部的第二个报告@f(美)梅萨罗维克(Mesarovic,M.), (德)佩斯特尔(Pestel,E.)著@g梅艳译
210    @a北京@c三联书店@d1987
215    @a198页@d19cm
300    @a书名原文: Mankind at the turning point: the second report to the Club of Rome.
510 1  @aMankind at the turning point@zeng
517 1  @a给罗马俱乐部的第二个报告@Agei luo ma ju le bu de di er ge bao gao
606    @a经济危机@y世界
690    @aF113.7@v3
701  1 @a梅萨罗维克@Amei sa luo wei ke@bM.@4著
701  1 @a佩斯特尔@Apei si te er@bE.@4著
701 A1 @aPestel@bE.@4著
701 A1 @aMesarovic@bM.@4著
702  0 @a梅艳@Amei yan@4译
801  2 @aCN@bNLC@c20060810
801  0 @aCN@bTSSF
905    @a10447@dF113.7@e94
    
    人类处于转折点:给罗马俱乐部的第二个报告/(美)梅萨罗维克(Mesarovic,M.), (德)佩斯特尔(Pestel,E.)著/梅艳译.-北京:三联书店,1987
    198页;19cm
    书名原文: Mankind at the turning point: the second report to the Club of Rome.
    
    ISBN :CNY1.20
    
●
相关链接 在E读中查询图书 在五车中查询图书 在当当中查询图书 在豆瓣中查询图书


正题名:人类处于转折点     索取号:F113.7/94         预约/预借

序号 登录号 条形码 馆藏地/架位号 状态 备注
1 0448390   204483905   密集书库/ [索取号:F113.7/94] 在馆    
唐山师范学院图书馆 欢迎您!
大连网信软件有限公司© 版权所有